| 000 | 00699cam a2200253 4500 | ||
|---|---|---|---|
| 001 | ABS62769 | ||
| 008 | 000000n2000 000 0 eng u | ||
| 035 | _a(Sirsi) u108130 | ||
| 245 | _aFocus 2000: Tourist and historical towns | ||
| 260 | _c2000 | ||
| 490 |
_aEstates Gazette _v(0034) 26 August 2000, 51-57(5) |
||
| 520 | _aSpecial report on historical towns. Looks at marketing strategies and tourism trends. | ||
| 590 | _aABS | ||
| 650 | _aTOURISM | ||
| 650 | _aFOREIGN INVESTMENT | ||
| 650 | _aHISTORIC TOWNS | ||
| 650 | _aLINCOLN | ||
| 650 | _aEDINBURGH | ||
| 650 | _aCANTERBURY | ||
| 650 | _aGREENWICH | ||
| 650 | _aTRENDS | ||
| 690 | _aLEISURE AND RECREATION | ||
| 942 | _n0 | ||
| 999 |
_c64586 _d64586 |
||